<?xml version="1.0" encoding="UTF-8"?><?xml-stylesheet type="text/xsl" href="static/style.xsl"?><OAI-PMH xmlns="http://www.openarchives.org/OAI/2.0/" xmlns:xsi="http://www.w3.org/2001/XMLSchema-instance" xsi:schemaLocation="http://www.openarchives.org/OAI/2.0/ http://www.openarchives.org/OAI/2.0/OAI-PMH.xsd"><responseDate>2026-04-27T21:23:51Z</responseDate><request verb="GetRecord" identifier="oai:uvadoc.uva.es:10324/20780" metadataPrefix="marc">https://uvadoc.uva.es/oai/request</request><GetRecord><record><header><identifier>oai:uvadoc.uva.es:10324/20780</identifier><datestamp>2021-06-29T16:28:39Z</datestamp><setSpec>com_10324_38</setSpec><setSpec>col_10324_852</setSpec></header><metadata><record xmlns="http://www.loc.gov/MARC21/slim" xmlns:doc="http://www.lyncode.com/xoai" xmlns:xsi="http://www.w3.org/2001/XMLSchema-instance" xmlns:dcterms="http://purl.org/dc/terms/" xsi:schemaLocation="http://www.loc.gov/MARC21/slim http://www.loc.gov/standards/marcxml/schema/MARC21slim.xsd">
<leader>00925njm 22002777a 4500</leader>
<datafield tag="042" ind1=" " ind2=" ">
<subfield code="a">dc</subfield>
</datafield>
<datafield tag="720" ind1=" " ind2=" ">
<subfield code="a">Calle Gamazo, Beatriz de la</subfield>
<subfield code="e">author</subfield>
</datafield>
<datafield tag="260" ind1=" " ind2=" ">
<subfield code="c">2016</subfield>
</datafield>
<datafield tag="520" ind1=" " ind2=" ">
<subfield code="a">En este trabajo, se expone la experiencia de la intervención realizada con un alumno que presenta Síndrome X Frágil, a través de las nuevas Tecnologías de la Información y de la Comunicación (TIC). El propósito primordial, se basa en favorecer su inclusión en la educación y en la sociedad, mejorando los procesos de enseñanza-aprendizaje, así como su calidad de vida, ya que las TIC potencian la igualdad de oportunidades a quienes presentan diversidad funcional. Durante la intervención, se han utilizado diversos software y materiales educativos, recogidos en una web personalizada. Asimismo, se han desarrollado actividades que optimizan la accesibilidad al ordenador y que ayudan al alumno a potenciar la iniciativa, el trabajo autónomo y las relaciones sociales.</subfield>
</datafield>
<datafield tag="024" ind2=" " ind1="8">
<subfield code="a">http://uvadoc.uva.es/handle/10324/20780</subfield>
</datafield>
<datafield ind1=" " ind2=" " tag="653">
<subfield code="a">[Pendiente de asignar]</subfield>
</datafield>
<datafield tag="245" ind1="0" ind2="0">
<subfield code="a">Programa de intervención: la influencia de las TIC en el síndrome X frágil</subfield>
</datafield>
</record></metadata></record></GetRecord></OAI-PMH>